header

Parent-infant interaction (Record no. 78118)

MARC details
000 -LEADER
fixed length control field 01602nam a2200385 a 4500
082 04 - DEWEY DECIMAL CLASSIFICATION NUMBER
Classification number 155.4/22
245 10 - TITLE STATEMENT
Title Parent-infant interaction
260 ## - PUBLICATION, DISTRIBUTION, ETC. (IMPRINT)
Place of publication Amsterdam ;
-- New York :
Name of publisher Elsevier :
-- Excerpta Medica,
Year of publication 1975.
300 ## - PHYSICAL DESCRIPTION
Number of Pages viii, 324 p. :
Other physical details ill.
490 1# - SERIES STATEMENT
Series statement Ciba Foundation Symposium (new series) ;
500 ## - GENERAL NOTE
General note "Symposium on the Parent-Infant Relationship held at the Ciba Foundation, London, 5th-7th November, 1974"--Participants page.
650 #0 - SUBJECT ADDED ENTRY--TOPICAL TERM
Topical Term Infant psychology
Topical Term Parent and infant
856 40 - ELECTRONIC LOCATION AND ACCESS
Uniform Resource Identifier http://site.ebrary.com/lib/rucke/Doc?id=10575454

No items available.

© 2026 Rongo University
Contact us: librarian | system librarian | Rongo university